|
|
|
|
| LEADER |
01167nam a2200277 a 4500 |
| 001 |
0017822 |
| 003 |
BD-DhAAL |
| 008 |
100720s2008 nyu 000 0 eng d |
| 020 |
|
|
|a 9783938780367
|
| 020 |
|
|
|a 9783938780411
|
| 040 |
|
|
|a BD-DhAAL
|c BD-DhAAL
|
| 082 |
0 |
0 |
|a 779.9721822
|2 22
|
| 245 |
1 |
0 |
|a Architectural details :
|b doors /
|c Markus Sebastian Braun.
|
| 260 |
|
|
|a Berlin :
|b Braun,
|c 2008.
|
| 300 |
|
|
|a 160 p. :
|b col. ill. ;
|c 24 cm
|
| 490 |
0 |
|
|a Architectural details series
|
| 526 |
|
|
|a ARC
|x Md. Shajjad Hossain,
Faculty members of the Department of Architecture
|
| 541 |
1 |
|
|e 0017822
|a Zeenat Book Supply Limited
|
| 650 |
|
0 |
|a Doors
|z Europe.
|9 31862
|
| 650 |
|
0 |
|a Aarchitecture
|9 31863
|
| 700 |
1 |
|
|a Braun, Markus Sebastian.
|9 31864
|
| 830 |
|
|
|a Architectural details series.
|9 57929
|
| 852 |
4 |
|
|a Ayesha Abed Library
|c General Stacks
|
| 942 |
|
|
|2 ddc
|c BK
|
| 999 |
|
|
|c 9365
|d 9365
|
| 952 |
|
|
|0 0
|1 0
|2 ddc
|4 0
|6 779_972182200000000_ARC_2008
|7 0
|9 12095
|a BRACUL
|b BRACUL
|c GEN
|d 2010-09-26
|e Zeenat Book Supply Limited
|g 2693.00
|l 0
|o 779.9721822 ARC
|p 3010017822
|r 2010-09-26
|t 1
|w 2010-09-26
|y BK
|x Requisitioned by Md. Shajjad Hossain (Faculty members of the Department of Architecture).
|